Dva roky prázdnin /
Jules Verne v knize zpracoval napínavý příběh patnácti chlapců, kteří měli vyjet na prázdninový výlet jachtou na moře. Během příprav k vyplutí v Aucklandu na Novém Zélandu odešla posádka na břeh a loď s chlapci na palubě se díky nedopatření dostala na moře. Zde byla hroznou bouří zahnána přes celý P...
Uloženo v:
| Hlavní autor: | |
|---|---|
| Médium: | E-kniha |
| Jazyk: | Czech |
| Vydáno: |
Praha :
Artis,
2023
|
| Tagy: |
Žádné tagy |
| LEADER | 01342nam a22002297i 4500 | ||
|---|---|---|---|
| 001 | 311929 | ||
| 007 | ta | ||
| 008 | 260601s2023 xr ||||| |||| 00| 0 cze d | ||
| 020 | |a 9990003754912 | ||
| 044 | |a xr | ||
| 100 | 1 | |a Verne, Jules |4 aut | |
| 245 | 1 | 0 | |a Dva roky prázdnin / |c Verne, Jules |
| 264 | 1 | |a Praha : |b Artis, |c 2023 | |
| 300 | |a 1 online zdroj (275 stran) | ||
| 336 | |a text |b txt |2 rdacontent | ||
| 337 | |a bez média |b n |2 rdamedia | ||
| 338 | |a online zdroj |b cr |2 rdacarrier | ||
| 520 | 2 | |a Jules Verne v knize zpracoval napínavý příběh patnácti chlapců, kteří měli vyjet na prázdninový výlet jachtou na moře. Během příprav k vyplutí v Aucklandu na Novém Zélandu odešla posádka na břeh a loď s chlapci na palubě se díky nedopatření dostala na moře. Zde byla hroznou bouří zahnána přes celý Pacifik k břehům neobydleného ostrova, kde ztroskotala. Jejich prázdninový výlet se protáhl na dlouhé dva roky... | |
| 910 | |a RBIT002 | ||
| 998 | |d 375491 |a https://core.palmknihy.cz/api/books/375491/cover?sh9d4u |b https://core.palmknihy.cz/api/books/375491/cover/400?sh9d4u |c https://core.palmknihy.cz/api/books/375491/cover/50?sh9d4u |e 2099-12-01 |g 275 |i 9990003754912 |j https://core.palmknihy.cz/api/books/375491/preview.epub |l |q 49 |r 1 |s https://www.palmknihy.cz/kniha/375491 |t ebook |y 2023 |z 1 | ||
| 999 | |d 311927 | ||